00000000nam##2200000za#4500
0019.606268
003CaOODSP
00520210624212537
007cr |||||||||||
008150406|1983||||xxc|||||o    f|0| 0 fre|d
022 |a1488-5468
040 |aCaOODSP|bfre
043 |an-cn---
0861 |aFs97-4/1711F-PDF
1101 |aCanada. |bMinistère des pêches et des océans.
24510|aÉtablissement de modèles caractérisant l'équilibre dynamique des estrans de la rive sud du moyen estuaire du Saint-Laurent / |h[ressource électronique]|cpar P. Champagne, R. Denis et C. Lebel.
260 |aQuébec - Québec : |bPêches et Océans Canada |cJuin 1983.
300 |a88p.|bfigures, graphiques, cartes, références, tableaux
4901 |aRapport manuscrit canadien des sciences halieutiques et aquatiques|x1488-5468|vN° 1711
500 |aLe n° de catalogue (Fs97-4/1711) et l'ISSN (0706-6589) de l'édition imprimée ont été incorrectement copiés dans l'édition électronique.
546 |a(Abstracts in English)
590 |a13-27-Supp|b2013-11-15
69107|aBassin hydrologique|2gcpds
69107|aFaune aquatique|2gcpds
69107|aGestion de l'environnement|2gcpds
7201 |aChampagne, P.
7201 |aDenis, R.
7201 |aLebel, C.
830#0|aRapport manuscrit canadien des sciences halieutiques et aquatiques,|x1488-5468|vN° 1711|w(CaOODSP)9.501611
85640|ahttp://publications.gc.ca|qPDF|s36.60 Mo|uhttps://publications.gc.ca/collections/collection_2013/mpo-dfo/Fs97-4-1711-fra.pdf|yN° 1711